Egy turisztikai kisvállalkozás életútja - Budatours Utazási Iroda működésének és gazdálkodásának elemzése

Bibliográfiai részletek
Szerző: Szabó Cintia Vivien
További közreműködők: Bassóné Mosonyi Ilona
Dokumentumtípus: Diplomadolgozat
Kulcsszavak:beutaztatás
utazási iroda
francia küldőpiac
gazdálkodás elemzése
működés elemzése
Online Access:http://dolgozattar.uni-bge.hu/8500

MARC

LEADER 00000nta a2200000 i 4500
001 dolg8500
005 20170125161957.0
008 161208suuuu hu om 000 hun d
040 |a BGE Dolgozattár Repozitórium  |b hun 
041 |a hu 
100 1 |a Szabó Cintia Vivien 
245 1 0 |a Egy turisztikai kisvállalkozás életútja - Budatours Utazási Iroda működésének és gazdálkodásának elemzése  |c Szabó Cintia Vivien  |h [elektronikus dokumentum] 
246 1 1 |a Egy turisztikai kisvállalkozás életútja - Budatours Utazási Iroda működésének és gazdálkodásának elemzése 
695 |a beutaztatás 
695 |a utazási iroda 
695 |a francia küldőpiac 
695 |a gazdálkodás elemzése 
695 |a működés elemzése 
700 1 |a Bassóné Mosonyi Ilona  |e ths 
856 4 0 |u http://dolgozattar.uni-bge.hu/8500/1/Szabo_Cintia_Szakdolgozat.pdf  |z Dokumentum-elérés